| 000 | 00516nam a2200145 4500 | ||
|---|---|---|---|
| 008 | 231225b |||||||| |||| 00| 0 eng d | ||
| 082 |
_a323 _bINI |
||
| 110 | _aINASIA-SCN research team | ||
| 245 | _aA new approach to the understanding of child rights | ||
| 260 |
_aColombo: _bINASIA, _c2000 |
||
| 440 |
_aRelevance and expression of child rights in contemporary Sri Lanka- A set of exploratory, micro-level, sociological studies _v1 |
||
| 650 | _aCHILDREN RIGHTS | ||
| 700 |
_aFernando, Vijitha _etrans. |
||
| 942 | _cRP | ||
| 999 |
_c4559 _d4559 |
||